[Event "Karadjordje Serbia"]
[Site "Topola"]
[Date "2004.05.06"]
[Round "3"]
[White "Damljanovic, Branko"]
[Black "Georgiev, Kiril"]
[Result "0-1"]
[WhiteElo "2583"]
[BlackElo "2637"]
[PlyCount "98"]
[EventDate "2004.05.04"]
[Source "ChessBase"]
[SourceDate "2004.07.27"]

1. e4 c5 2. Nf3 d6 3. d4 cxd4 4. Nxd4 Nf6 5. Nc3 g6 6. g3 Nc6 7. Bg2 Nxd4 8. Qxd4 Bg7 9. a4 O-O 10. a5 Ng4 11. Qb4 Ne5 12. Be3 Nc6 13. Qa3 Be6 14. O-O Qd7 15. Nd5 Bh3 16. Rad1 Rac8 17. c4 Bxg2 18. Kxg2 Rfd8 19. c5 e6 20. Nc3 d5 21. exd5 exd5 22. Bg5 Re8 23. Rxd5 Qg4 24. Bf4 Nd4 25. f3 Qe6 26. Rd1 Nc2 27. Qb3 Ne1+ 28. Rxe1 Qxe1 29. Rd7 Re6 30. Rd1 Re2+ 31. Kh3 Rxb2 32. Qxb2 Qxd1 33. Nxd1 Bxb2 34. Nxb2 Rxc5 35. a6 bxa6 36. g4 a5 37. Kg3 Rc2 38. Na4 Rc4 39. Nb2 Rb4 40. Nd3 Rb5 41. Nc1 Rb1 42. Ne2 a4 43. Nc3 a3 44. Be5 Rc1 45. Na2 Rc2 46. Nb4 Re2 47. Bf6 a2 48. Nd3 Re6 49. Ba1 Re3 0-1

[Event "Europa ch 2008"]
[Site "Plovdiv BUL"]
[Date "2008.05.01"]
[Round "10.30"]
[White "Moiseenko, Alexander"]
[Black "Zhigalko, Sergei"]
[Result "0-1"]
[WhiteElo "2650"]
[BlackElo "2568"]
[PlyCount "118"]
[EventDate "2008.04.21"]
[Source "www.chesslib.no"]
[SourceDate "2004.05.04"]

1. e4 c5 2. Nf3 d6 3. d4 cxd4 4. Nxd4 Nf6 5. Nc3 g6 6. Be2 Bg7 7. O-O O-O 8. Re1 Nc6 9. Nb3 b6 10. Bf1 Bb7 11. Nd5 Nd7 12. Nc3 Rc8 13. Bg5 h6 14. Bh4 Re8 15. Rb1 Nc5 16. Nd5 g5 17. Bg3 e6 18. Nc3 Ne5 19. Qh5 Qf6 20. Rbd1 Red8 21. Rd2 a6 22. Nxc5 dxc5 23. Red1 Rd4 24. Qe2 Nc4 25. Qxc4 Rxc4 26. Bxc4 b5 27. e5 Qf5 28. Rd8+ Rxd8 29. Rxd8+ Bf8 30. Bd3 Qg4 31. a3 b4 32. f3 Qh5 33. Ne4 Bxe4 34. Bxe4 bxa3 35. bxa3 g4 36. f4 c4 37. a4 f5 38. exf6 Kf7 39. Rd7+ Kxf6 40. Be1 Bc5+ 41. Kh1 e5 42. g3 Qe8 43. Rd5 Qxa4 44. Bc3 Qa3 45. Bxe5+ Ke7 46. Rd1 Qe3 47. Bd5 a5 48. Rb1 Bb4 49. Bg2 Bc3 50. Bc7 a4 51. Bb6 Bd4 52. Ba5 a3 53. Rb7+ Kf6 54. Bd8+ Kg6 55. f5+ Kh5 56. Rb1 a2 57. Rf1 a1=Q 58. Rxa1 Bxa1 59. h4 Bd4 0-1

[Event "Hastings 9192"]
[Site "Hastings"]
[Date "1991.??.??"]
[Round "11"]
[White "Chandler, Murray G"]
[Black "Shirov, Alexei"]
[Result "1/2-1/2"]
[WhiteElo "2605"]
[BlackElo "2610"]
[PlyCount "102"]
[EventDate "1991.12.??"]
[Source "ChessBase"]

1. e4 c5 2. Nf3 d6 3. d4 cxd4 4. Nxd4 Nf6 5. Nc3 g6 6. Be2 Bg7 7. O-O O-O 8. Nb3 Nc6 9. Re1 a6 10. Bf1 b5 11. Bg5 h6 12. Bh4 Ng4 13. h3 Nge5 14. a4 Nc4 15. axb5 Nxb2 16. Qc1 Bxc3 17. bxc6 Qc7 18. Re3 Qxc6 19. Bxe7 Re8 20. Bxd6 Rxe4 21. Rxe4 Qxe4 22. Qxh6 Bg7 23. Qe3 Bf5 24. Rxa6 Rxa6 25. Qxe4 Bxe4 26. Bxa6 Bxc2 27. Nc5 Bd4 28. Nd7 Nd1 29. Bc5 Bxc5 30. Nxc5 Nc3 31. Bc4 Ne4 32. Nb7 Kf8 33. f3 Ng3 34. Kf2 Nf5 35. g4 Nd4 36. Ke3 Nc6 37. Nc5 Ne5 38. Ba2 g5 39. f4 gxf4+ 40. Kxf4 Nd3+ 41. Nxd3 Bxd3 42. Ke5 Kg7 43. g5 Kg6 44. h4 Be2 45. Bd5 Bd1 46. Be4+ Kh5 47. Kf6 Bb3 48. Bc6 Kxh4 49. Be8 Bc4 50. Bxf7 Bxf7 51. Kxf7 Kxg5 1/2-1/2

[Event "VII Gibtelecom Masters"]
[Site "Caleta ING"]
[Date "2009.01.29"]
[Round "3"]
[White "Vachier Lagrave, M."]
[Black "Dzagnidze, N."]
[Result "0-1"]
[WhiteElo "2696"]
[BlackElo "2518"]
[PlyCount "114"]
[EventDate "2009.01.27"]
[Source "www.chesslib.no"]
[SourceDate "2004.05.04"]

1. e4 c5 2. Nf3 Nc6 3. Nc3 g6 4. d4 cxd4 5. Nxd4 Bg7 6. Nb3 d6 7. Be2 Nf6 8. O-O O-O 9. Re1 Be6 10. Bg5 a5 11. a3 a4 12. Nd2 Ra5 13. Be3 d5 14. exd5 Nxd5 15. Nxd5 Rxd5 16. c3 Ne5 17. Bd4 Rxd4 18. cxd4 Qxd4 19. Nf1 Nc6 20. Qxd4 Bxd4 21. Bb5 Bxb2 22. Rab1 Bc3 23. Rec1 Bf5 24. Bxc6 bxc6 25. Rb7 Bd4 26. Rxe7 Rb8 27. Ree1 c5 28. Ng3 Bd3 29. Ne2 Bb2 30. Rxc5 Bxa3 31. Re5 Bb2 32. Re3 Bc2 33. Nc3 Kf8 34. Nxa4 Bxa4 35. h4 h5 36. Re4 Bc2 37. Rc4 Bf5 38. g3 Bf6 39. Ra4 Rb2 40. Ra8+ Kg7 41. Rae8 Be6 42. Rd1 Bc3 43. Red8 Ba5 44. R8d4 Bg4 45. Rc1 Bd2 46. Ra1 Bc3 47. Rc4 Be5 48. Rac1 Bf5 49. Re1 Bd3 50. Ra4 Bb5 51. Rae4 Bc7 52. Rc1 Bb6 53. Rf4 f5 54. Rd1 Bc6 55. Rc1 Be4 56. Re1 Rb4 57. Rc1 Bd4 0-1

[Event "Aeroflot Open"]
[Site "Moscow"]
[Date "2004.02.22"]
[Round "6"]
[White "Felgaer, Ruben"]
[Black "Sakaev, Konstantin"]
[Result "1/2-1/2"]
[WhiteElo "2554"]
[BlackElo "2656"]
[PlyCount "81"]
[EventDate "2004.02.17"]
[Source "Roberto Alvarez"]
[SourceDate "2004.03.01"]

1. e4 c5 2. Nf3 d6 3. d4 cxd4 4. Nxd4 Nf6 5. Nc3 Nc6 6. g3 g6 7. Nde2 Bg7 8. Bg2 O-O 9. O-O Nd7 10. a4 Nc5 11. Bg5 Be6 12. Qd2 Re8 13. b3 Rc8 14. Rab1 Bg4 15. h3 Bxe2 16. Nxe2 Ne6 17. Be3 Qa5 18. c3 Qc7 19. Rfc1 Qa5 20. f4 a6 21. Rc2 Nf8 22. Ra2 Qc7 23. c4 a5 24. Nc3 Nb4 25. Nd5 Nxd5 26. exd5 Nd7 27. Bf2 Nc5 28. Qd1 Ra8 29. Re2 Ra6 30. Qd2 Rea8 31. Qc2 Rb6 32. Bf3 Rb4 33. Be1 Rb6 34. Kg2 Kf8 35. Bf2 Rb4 36. Be1 Rb6 37. h4 Qd7 38. Bf2 Qf5 39. Re4 Rb4 40. g4 Qf6 41. g5 1/2-1/2

[Event "Russian Cup f"]
[Site "Sochi"]
[Date "1997.??.??"]
[Round "1"]
[White "Fedorov, Alexei"]
[Black "Yakovich, Yuri"]
[Result "1/2-1/2"]
[WhiteElo "2600"]
[BlackElo "2610"]
[PlyCount "40"]
[EventDate "1997.09.17"]
[Source "ChessBase"]
[SourceDate "1998.01.31"]

1. e4 c5 2. Nf3 Nc6 3. Nc3 g6 4. d4 cxd4 5. Nxd4 Bg7 6. Nb3 Nf6 7. Be2 O-O 8. O-O d6 9. Re1 Be6 10. Bf1 a5 11. a4 Bxb3 12. cxb3 e6 13. Bg5 h6 14. Bh4 Qb6 15. Nb5 Rfd8 16. Qd2 d5 17. Bxf6 Bxf6 18. Qxh6 Bxb2 19. Rab1 Bg7 20. Qf4 dxe4 1/2-1/2

[Event "Yerevan (ol)"]
[Site "?"]
[Date "1996.??.??"]
[Round "?"]
[White "Apicella, M."]
[Black "Svidler, P."]
[Result "0-1"]
[WhiteElo "2560"]
[BlackElo "2650"]
[PlyCount "82"]
[EventDate "1996.??.??"]
[Source "ChessBase"]
[SourceDate "1996.06.01"]

1. e4 c5 2. Nf3 Nc6 3. d4 cxd4 4. Nxd4 Nf6 5. Nc3 d6 6. Be2 g6 7. O-O Bg7 8. Nb3 O-O 9. Bg5 a6 10. f4 b5 11. Bf3 Bb7 12. Kh1 Nd7 13. Rb1 Re8 14. Nd5 f6 15. Bh4 e6 16. Ne3 g5 17. Bg3 gxf4 18. Bxf4 Nde5 19. Bh5 Rf8 20. c3 Qe7 21. Qe2 Ng6 22. Bg3 Nce5 23. Nd2 Kh8 24. Rf2 Rad8 25. Rbf1 Bh6 26. Ng4 Nxg4 27. Bxg4 d5 28. Bh5 dxe4 29. Nxe4 f5 30. Bxg6 hxg6 31. Nd6 Ba8 32. Be5+ Kg8 33. Rd1 Rd7 34. Qd3 Rfd8 35. Qg3 Qg5 36. Qxg5 Bxg5 37. Rd3 Be4 38. Rh3 Rxd6 39. Rh8+ Kf7 40. Rh7+ Ke8 41. Rh8+ Kd7 0-1

[Event "New York CITS"]
[Site "New York"]
[Date "1996.??.??"]
[Round "10"]
[White "Salov, Valery"]
[Black "Serper, Grigory"]
[Result "1-0"]
[WhiteElo "2670"]
[BlackElo "2540"]
[PlyCount "183"]
[EventDate "1996.03.??"]
[Source "ChessBase"]

1. e4 c5 2. Nf3 d6 3. d4 cxd4 4. Nxd4 Nf6 5. Nc3 g6 6. g3 Nc6 7. Nde2 Bg7 8. Bg2 O-O 9. O-O Rb8 10. h3 b5 11. Nd5 Nd7 12. c3 e6 13. Nb4 Nxb4 14. cxb4 Nb6 15. Nc3 d5 16. exd5 Nxd5 17. Qb3 Nxc3 18. bxc3 Bb7 19. Be3 Bxg2 20. Kxg2 Qc7 21. Rac1 Rfc8 22. Bc5 Bf8 23. Bxf8 Kxf8 24. Rfd1 Qb7+ 25. Kg1 Rc4 26. Rd3 Rbc8 27. Re1 Re4 28. Qd1 Kg7 29. Qd2 Qc6 30. Rxe4 Qxe4 31. Rd7 Rc4 32. Rd8 Qe5 33. Rd3 Re4 34. Rf3 Qc7 35. Kh2 Rc4 36. Qg5 f5 37. Qd2 Qe7 38. Rd3 Rc7 39. Rd6 Kf7 40. h4 Kg7 41. Qd4+ Qf6 42. Rd7+ Rxd7 43. Qxd7+ Kh6 44. Qxb5 Qxc3 45. Qc5 Qa3 46. Qf8+ Kh5 47. Qe7 Kg4 48. Qxe6 Kf3 49. Qe1 Qd3 50. b5 h6 51. a4 g5 52. hxg5 hxg5 53. Kg1 f4 54. Qf1 Qd4 55. a5 fxg3 56. Qg2+ Ke2 57. Qxg3 Qa1+ 58. Kg2 Qxa5 59. Qxg5 Qb6 60. Qe5+ Kd3 61. f4 a6 62. Qd5+ Ke3 63. Qf3+ Kd2 64. Qd5+ Ke1 65. Qe5+ Kd2 66. bxa6 Qc6+ 67. Kg3 Qg6+ 68. Kf3 Qxa6 69. f5 Qf1+ 70. Kg4 Qg2+ 71. Kh5 Qf3+ 72. Kg5 Qg2+ 73. Kf6 Qc6+ 74. Kf7 Qb7+ 75. Qe7 Qd5+ 76. Qe6 Qb7+ 77. Ke8 Kc2 78. Qc4+ Kb1 79. f6 Qb8+ 80. Kd7 Qb7+ 81. Ke6 Qb6+ 82. Ke5 Qb2+ 83. Kf5 Qf2+ 84. Qf4 Qc5+ 85. Kg6 Qc6 86. Qf5+ Ka1 87. Kg7 Qc3 88. Kh7 Qc2 89. Qg6 Qh2+ 90. Kg7 Qb2 91. Qg4 Qe5 92. Kg6 1-0

[Event "Foxwoods op"]
[Site "Connecticut"]
[Date "2000.04.23"]
[Round "6"]
[White "Becerra Rivero, Julio"]
[Black "Epishin, Vladimir"]
[Result "1/2-1/2"]
[WhiteElo "2541"]
[BlackElo "2667"]
[PlyCount "83"]
[EventDate "2000.04.20"]
[Source "www.chesslib.no"]
[SourceDate "2004.05.04"]

1. e4 c5 2. Nf3 d6 3. d4 cxd4 4. Nxd4 Nf6 5. Nc3 Nc6 6. g3 g6 7. Nde2 b6 8. Bg2 Bb7 9. O-O Bg7 10. Nd5 O-O 11. Bg5 e6 12. Nxf6+ Bxf6 13. Bxf6 Qxf6 14. c3 Qe7 15. Nd4 Rac8 16. Qd2 Rfd8 17. Rfd1 Nxd4 18. cxd4 Rc7 19. Rac1 Rdc8 20. h4 h5 21. Re1 Kg7 22. b3 e5 23. d5 Rc5 24. Bh3 R8c7 25. Bf1 Qd8 26. b4 Rxc1 27. Rxc1 Qc8 28. Rxc7 Qxc7 29. Be2 Bc8 30. a3 Bd7 31. Kh2 f6 32. Kg1 Be8 33. Bd3 Bf7 34. Qc2 Qe7 35. Qc8 g5 36. hxg5 fxg5 37. Bf1 Be8 38. Bh3 g4 39. Bf1 Qd7 40. Qc1 Qd8 41. Be2 Bg6 42. Bd3 1/2-1/2

[Event "Bundesliga 9899"]
[Site "Germany"]
[Date "1999.01.31"]
[Round "9.2"]
[White "Slobodjan, Roman"]
[Black "Sadler, Matthew"]
[Result "1/2-1/2"]
[WhiteElo "2536"]
[BlackElo "2668"]
[PlyCount "69"]
[EventDate "1998.10.17"]
[Source "ChessBase"]
[SourceDate "1999.07.01"]

1. e4 c5 2. Nf3 d6 3. g3 Nc6 4. Bg2 g6 5. d4 cxd4 6. Nxd4 Bg7 7. Ne2 Nf6 8. O-O O-O 9. Nbc3 Rb8 10. a4 a6 11. h3 b5 12. axb5 axb5 13. Be3 b4 14. Nd5 Nd7 15. Nd4 Bb7 16. Nxc6 Bxc6 17. Bd4 Bxd4 18. Qxd4 e5 19. Qd2 Bxd5 20. Qxd5 Nf6 21. Qd3 Qc7 22. Ra6 Rb6 23. Rfa1 Rfb8 24. Ra7 R8b7 25. Ra8+ Kg7 26. h4 Rc6 27. Bh3 Qb6 28. R8a6 Qc7 29. Rxc6 Qxc6 30. Ra6 Qxe4 31. Qxd6 Qe1+ 32. Kg2 Qe4+ 33. Kg1 Qe1+ 34. Kg2 Qe4+ 35. Kg1 1/2-1/2

[Event "Liepaya"]
[Site "?"]
[Date "2006.08.05"]
[Round "7"]
[White "Georgiev Kiril"]
[Black "Dlugy Maxim"]
[Result "1/2-1/2"]
[WhiteElo "2685"]
[BlackElo "2518"]
[PlyCount "86"]
[EventDate "2006.??.??"]
[Source "www.chesslib.no"]
[SourceDate "2004.05.04"]

1. e4 c5 2. Nf3 d6 3. Nc3 Nc6 4. d4 cxd4 5. Nxd4 Nf6 6. g3 g6 7. Nde2 Bg7 8. Bg2 O-O 9. O-O Rb8 10. a4 a6 11. h3 b5 12. axb5 axb5 13. Bg5 b4 14. Nd5 Nd7 15. Ra2 Nde5 16. Nd4 h6 17. Be3 e6 18. Nf4 Qc7 19. b3 Nxd4 20. Bxd4 Bb7 21. Qd2 Rfc8 22. Kh1 h5 23. Ne2 Ra8 24. Rfa1 Rxa2 25. Rxa2 Nc6 26. Bxg7 Kxg7 27. Ra1 Qb6 28. f4 Qc5 29. Rd1 Ne7 30. Qd4+ Qxd4 31. Nxd4 d5 32. exd5 Bxd5 33. h4 Bxg2+ 34. Kxg2 Nd5 35. Kf3 Kf6 36. Rd3 Ke7 37. Ke4 Ra8 38. Nc6+ Kf6 39. Ne5 Rc8 40. Nc4 Ke7 41. Kf3 Ra8 42. Ne3 Nxe3 43. Kxe3 Rc8 1/2-1/2

[Event "Open Aeroflot"]
[Site "Mosca RUS"]
[Date "2007.02.15"]
[Round "2"]
[White "Asrian, K."]
[Black "Vorobiov, E."]
[Result "1/2-1/2"]
[WhiteElo "2634"]
[BlackElo "2563"]
[PlyCount "31"]
[EventDate "2007.02.14"]
[Source "www.chesslib.no"]
[SourceDate "2004.05.04"]

1. e4 c5 2. Nf3 Nc6 3. d4 cxd4 4. Nxd4 Nf6 5. Nc3 d6 6. Be2 g6 7. O-O Nxd4 8. Qxd4 Bg7 9. Be3 O-O 10. Qd2 Be6 11. Rad1 Qa5 12. Bd4 Rfc8 13. f4 b5 14. Bf3 b4 15. Ne2 Bg4 16. Bxg4 1/2-1/2

[Event "Tilburg"]
[Site "?"]
[Date "1993.??.??"]
[Round "?"]
[White "Adams, M."]
[Black "Miles, A."]
[Result "1/2-1/2"]
[WhiteElo "2630"]
[BlackElo "2565"]
[PlyCount "243"]
[EventDate "1993.??.??"]
[Source "ChessBase"]
[SourceDate "1993.10.01"]

1. e4 c5 2. Nf3 d6 3. d4 cxd4 4. Nxd4 Nf6 5. Nc3 g6 6. Be2 Bg7 7. O-O O-O 8. Bg5 Nc6 9. Nb3 a6 10. Re1 b5 11. Bf1 h6 12. Bh4 e6 13. Qd2 Qc7 14. Rad1 Rd8 15. f4 Bb7 16. a3 Rac8 17. f5 Ne5 18. fxe6 fxe6 19. Nd4 Qe7 20. Nf3 g5 21. Bf2 Nxf3+ 22. gxf3 Nh5 23. Bd4 Bxd4+ 24. Qxd4 Qf8 25. Qe3 Rc7 26. Ne2 Rf7 27. Bh3 Bc8 28. Rf1 Kh8 29. Bg4 Nf4 30. Nxf4 Rxf4 31. Rd2 Qf7 32. Bh3 Rf8 33. Bg2 Bb7 34. Rfd1 d5 35. h3 Kg8 36. c3 Qg7 37. Qb6 Qf7 38. Qe3 Rf6 39. e5 Rf5 40. Rd4 Qg7 41. Re1 Bc6 42. h4 Be8 43. Rg4 Bh5 44. Rg3 g4 45. Qd4 Kh8 46. fxg4 Rf4 47. Qe3 Rxg4 48. Rxg4 Bxg4 49. Rf1 Bf5 50. Kh2 Kh7 51. Qg3 Qxg3+ 52. Kxg3 Rg8+ 53. Kf2 Rg4 54. h5 Rg5 55. Bf3 Bc2 56. Re1 Kh8 57. Re3 Bh7 58. Ke2 Kg7 59. Kd2 Kf8 60. Re2 Ke8 61. Rg2 Rxe5 62. Rg7 Be4 63. Bxe4 Rxe4 64. Rh7 Rh4 65. Rxh6 Ke7 66. Rh8 Kf6 67. h6 Ke5 68. h7 a5 69. Rb8 Rxh7 70. Rxb5 Ke4 71. Rxa5 Rh2+ 72. Kc1 Kd3 73. Kb1 Rh1+ 74. Ka2 Kc2 75. a4 Rh8 76. Ra6 e5 77. Re6 e4 78. Ka3 Rb8 79. b4 Kxc3 80. b5 Rd8 81. b6 d4 82. Rxe4 d3 83. Re1 d2 84. Rd1 Rd3 85. b7 Kc2+ 86. Ka2 Rd8 87. Rxd2+ Kxd2 88. a5 Kc2 89. a6 Rd6 90. b8=N Rd5 91. Ka3 Kc3 92. Ka4 Kc4 93. Nc6 Rd1 94. Na5+ Kc5 95. Nb3+ Kb6 96. a7 Kxa7 97. Kb4 Kb6 98. Kc3 Rh1 99. Nd4 Rh4 100. Nb3 Kc6 101. Nd4+ Kd5 102. Nb3 Rc4+ 103. Kd3 Ra4 104. Kc3 Ra8 105. Kd3 Rh8 106. Kc3 Rh7 107. Kb4 Rh3 108. Na5 Rh4+ 109. Kb5 Kd4 110. Nc6+ Kd5 111. Nb4+ Kd6 112. Na6 Rh5+ 113. Kb6 Rd5 114. Nc7 Rd1 115. Nb5+ Kd5 116. Nc7+ Ke5 117. Nb5 Rc1 118. Nc7 Kd4 119. Nb5+ Kd5 120. Nc7+ Kd6 121. Nb5+ Kd7 122. Nd4 1/2-1/2

[Event "Yurmala tt"]
[Site "Yurmala tt"]
[Date "1977.??.??"]
[Round "?"]
[White "Tal, Mikhail N"]
[Black "Gufeld, Eduard E"]
[Result "1-0"]
[WhiteElo "2620"]
[BlackElo "2570"]
[PlyCount "127"]
[EventDate "1977.??.??"]
[Source "www.chesslib.no"]
[SourceDate "2004.05.04"]

1. e4 c5 2. Nf3 d6 3. d4 cxd4 4. Nxd4 Nf6 5. Nc3 g6 6. Be2 Bg7 7. O-O Nc6 8. Nb3 O-O 9. Bg5 a6 10. f4 b5 11. Bf3 Bb7 12. Kh1 Nd7 13. Qe1 a5 14. Nxb5 a4 15. Nd2 h6 16. Bh4 Nc5 17. Nc4 Ba6 18. Nba3 Nd4 19. Rf2 Rc8 20. Rd1 Nxf3 21. gxf3 Qc7 22. b3 f5 23. exf5 g5 24. fxg5 hxg5 25. Bxg5 Rxf5 26. Qxe7 d5 27. Nd6 Qxe7 28. Bxe7 Ne4 29. fxe4 Rxf2 30. Nxc8 Bxc8 31. exd5 axb3 32. axb3 Bh3 33. Bc5 Re2 34. Rd3 Re1+ 35. Bg1 Bf5 36. Re3 Ra1 37. Nc4 Bd4 38. Rg3+ Kh7 39. h4 Rc1 40. Nd2 Bxc2 41. d6 Rd1 42. Nc4 Bf2 43. Rg4 Bxb3 44. Nb2 Bd5+ 45. Kh2 Bxg1+ 46. Rxg1 Rd2+ 47. Kg3 Rxb2 48. d7 Rb8 49. Rd1 Rg8+ 50. Kf4 Be6 51. d8=Q Rxd8 52. Rxd8 Kg7 53. Kg5 Kh7 54. Ra8 Bb3 55. Ra7+ Kh8 56. Kh6 Bc4 57. Rh7+ Kg8 58. Rc7 Bd3 59. Rc8+ Kf7 60. Rc3 Be4 61. Rg3 Bc2 62. Rg7+ Kf8 63. Rg2 Bd3 64. Rg3 1-0

[Event "III President's Cup"]
[Site "Baku AZE"]
[Date "2008.05.14"]
[Round "3"]
[White "Jobava, Ba"]
[Black "Abbasov, F."]
[Result "1/2-1/2"]
[WhiteElo "2658"]
[BlackElo "2528"]
[PlyCount "62"]
[EventDate "2008.05.12"]
[Source "www.chesslib.no"]
[SourceDate "2004.05.04"]

1. e4 c5 2. Nf3 d6 3. d4 cxd4 4. Nxd4 Nf6 5. Nc3 g6 6. Be2 Bg7 7. O-O O-O 8. Re1 Nc6 9. Nb3 b6 10. Nd5 Nd7 11. Bb5 Bb7 12. Bg5 Re8 13. c3 a6 14. Bxc6 Bxc6 15. Nd4 Bb7 16. Qd2 Nf6 17. Bxf6 exf6 18. c4 Rc8 19. Qd3 f5 20. exf5 b5 21. Qd2 Rxc4 22. Rxe8+ Qxe8 23. Re1 Qxe1+ 24. Qxe1 Bxd5 25. Qe8+ Bf8 26. Qe3 Bg7 27. Nb3 Re4 28. Qd2 Bc4 29. f3 Re2 30. Qxd6 Re1+ 31. Kf2 Re2+ 1/2-1/2

[Event "Russia (ch)"]
[Site "?"]
[Date "1997.??.??"]
[Round "?"]
[White "Malakhov, V."]
[Black "Svidler, P."]
[Result "1-0"]
[WhiteElo "2540"]
[BlackElo "2640"]
[PlyCount "55"]
[EventDate "1997.??.??"]
[Source "ChessBase"]
[SourceDate "1997.02.01"]

1. e4 c5 2. Nf3 d6 3. d4 cxd4 4. Nxd4 Nf6 5. Nc3 Nc6 6. Nde2 g6 7. g3 Bg7 8. Bg2 O-O 9. O-O Rb8 10. a4 a6 11. Nd5 b5 12. axb5 axb5 13. h3 b4 14. Be3 Nd7 15. Qc1 e6 16. Ndf4 Qc7 17. Ra2 Nf6 18. Nd3 Rd8 19. c4 Bb7 20. b3 Nd7 21. Rd1 Nce5 22. Nxb4 Nc5 23. Nd4 Bxe4 24. Bxe4 Rxb4 25. Nb5 Qb6 26. Qa3 Nxc4 27. bxc4 Rxc4 28. Bd3 1-0

[Event "Groningen"]
[Site "?"]
[Date "1993.??.??"]
[Round "?"]
[White "Ljubojevic, Lj"]
[Black "Alterman, B."]
[Result "1-0"]
[WhiteElo "2595"]
[BlackElo "2585"]
[PlyCount "91"]
[EventDate "1993.??.??"]
[Source "ChessBase"]
[SourceDate "1993.10.01"]

1. Nf3 c5 2. e4 d6 3. d4 cxd4 4. Nxd4 Nf6 5. Nc3 g6 6. Be2 Bg7 7. O-O O-O 8. Bg5 Nc6 9. Nb3 a6 10. f4 b5 11. a3 Be6 12. Kh1 Rc8 13. Bd3 Nd7 14. Nd2 Nb6 15. f5 Bd7 16. Qe1 Ne5 17. Qh4 f6 18. Be3 Be8 19. h3 Bf7 20. Qf2 Nbc4 21. Nxc4 Nxc4 22. Bc1 e6 23. a4 b4 24. Nd1 a5 25. Ne3 Ne5 26. Ba6 Rc5 27. Rd1 Qc7 28. Bb5 Rd8 29. c3 bxc3 30. bxc3 exf5 31. exf5 Rxc3 32. Bb2 Rb3 33. Rac1 Qb7 34. Rc3 Qe4 35. Re1 Qb4 36. Rxb3 Qxb3 37. Qd2 Bh6 38. Qxa5 Rc8 39. Bd4 Nd3 40. Qa6 Nxe1 41. Qxc8+ Kg7 42. Bxf6+ Kxf6 43. Ng4+ Kg5 44. Qc1+ Kh4 45. Qxh6+ Kg3 46. Qd2 1-0

[Event "Koge op"]
[Site "Koge"]
[Date "1997.??.??"]
[Round "3"]
[White "Adams, Michael"]
[Black "Volzhin, Alexander"]
[Result "1/2-1/2"]
[WhiteElo "2680"]
[BlackElo "2495"]
[PlyCount "129"]
[EventDate "1997.??.??"]
[Source "www.chesslib.no"]
[SourceDate "2004.05.04"]

1. e4 c5 2. Nf3 Nc6 3. Nc3 g6 4. d4 cxd4 5. Nxd4 Bg7 6. Nb3 Nf6 7. Be2 O-O 8. O-O d6 9. Re1 Be6 10. Bf1 a5 11. a4 Bxb3 12. cxb3 e6 13. Be3 Nb4 14. Qe2 d5 15. Rad1 Qb8 16. exd5 Nfxd5 17. Nxd5 Nxd5 18. Bc1 Rc8 19. g3 Rc5 20. Bg2 Qc7 21. Bxd5 exd5 22. Be3 Rc2 23. Qb5 d4 24. Bxd4 Bxd4 25. Rxd4 Qc6 26. Qxc6 bxc6 27. Re7 Rxb2 28. Rdd7 Rf8 29. Rb7 Rc2 30. Rec7 Rc5 31. Rb6 Rd8 32. Rbxc6 Rd1+ 33. Kg2 Rf5 34. Rc5 Rf6 35. R7c6 Rxc6 36. Rxc6 Rb1 37. Rb6 h5 38. h3 Kg7 39. Kf3 Rb2 40. Ke3 g5 41. Rb5 Kg6 42. h4 f6 43. f3 Rg2 44. Rxa5 g4 45. fxg4 Rxg3+ 46. Kf2 Rxb3 47. gxh5+ Kf7 48. Ra7+ Kg8 49. Rc7 Ra3 50. Rc4 Kg7 51. Ke2 Kh6 52. Kd2 Kxh5 53. Kc2 f5 54. Kb2 Re3 55. a5 Re5 56. Ra4 Re8 57. Kc3 Ra8 58. Kd3 f4 59. a6 Kg4 60. a7 Kg3 61. Ke2 Kg2 62. Ke1 Re8+ 63. Kd2 Rd8+ 64. Kc3 Ra8 65. Rxf4 1/2-1/2

[Event "Russia (ch)"]
[Site "?"]
[Date "1995.??.??"]
[Round "?"]
[White "Makarichev, S."]
[Black "Svidler, P."]
[Result "0-1"]
[WhiteElo "2540"]
[BlackElo "2635"]
[PlyCount "76"]
[EventDate "1995.??.??"]
[Source "ChessBase"]
[SourceDate "1995.10.01"]

1. e4 c5 2. Nf3 Nc6 3. d4 cxd4 4. Nxd4 Nf6 5. Nc3 d6 6. g3 g6 7. Bg2 Nxd4 8. Qxd4 Bg7 9. O-O O-O 10. h3 Be6 11. Qd1 Qc8 12. Kh2 Qc4 13. a4 Rac8 14. a5 Nd7 15. Ra3 Qc7 16. f4 Bxc3 17. Rxc3 Qxa5 18. f5 Bc4 19. Rf4 Ba6 20. fxg6 hxg6 21. Rh4 Rxc3 22. Bd2 Rfc8 23. Bxc3 Rxc3 24. Qd2 Qe5 25. bxc3 Bc4 26. Qh6 Nf8 27. Rg4 a5 28. Rg5 Qxc3 29. e5 Qxc2 30. Kh1 Qb1+ 31. Kh2 Qb2 32. Kh1 dxe5 33. Rg4 Be6 34. Rh4 e4 35. Qf4 a4 36. Qxe4 a3 37. Qxb7 Qc1+ 38. Kh2 a2 0-1

[Event "4th IECC"]
[Site "Istanbul"]
[Date "2003.06.02"]
[Round "4"]
[White "Zelcic, Robert"]
[Black "Macieja, Bartlomiej"]
[Result "1/2-1/2"]
[WhiteElo "2540"]
[BlackElo "2634"]
[PlyCount "117"]
[EventDate "2003.05.30"]
[Source "Roberto Alvarez"]
[SourceDate "2003.06.23"]

1. e4 c5 2. Nf3 d6 3. d4 cxd4 4. Nxd4 Nf6 5. Nc3 g6 6. Be2 Bg7 7. O-O O-O 8. Re1 Nc6 9. Nb3 Be6 10. Bf1 a5 11. a4 Rc8 12. Bg5 h6 13. Bh4 Nb4 14. Nd4 Bc4 15. Bxc4 Rxc4 16. Ndb5 Ne8 17. Qe2 Rc5 18. Rad1 Rh5 19. Bg3 Nc7 20. Nd4 Nc6 21. Nf5 Bxc3 22. bxc3 Ne6 23. Rd5 Nc7 24. Rd2 Ne6 25. f4 Nc5 26. Bf2 Nxe4 27. Nxe7+ Qxe7 28. Qxe4 Qxe4 29. Rxe4 d5 30. Re1 Rf5 31. g3 Rd8 32. Rb1 Rd7 33. Rb5 Kg7 34. Kg2 g5 35. Be3 gxf4 36. Bxf4 Kg6 37. Rd3 f6 38. c4 d4 39. c3 dxc3 40. Rxc3 h5 41. h4 Nd4 42. Rb2 Nc6 43. c5 Rfd5 44. Bd6 Rd4 45. Ra3 Ne5 46. Rf2 Ng4 47. Re2 b6 48. Raa2 Rc4 49. Re7 Rxe7 50. Bxe7 bxc5 51. Bd8 Ne3+ 52. Kf3 Nd5 53. Bxa5 Nb4 54. Bxb4 cxb4 55. a5 Rc3+ 56. Kf4 Ra3 57. Rb2 b3 58. a6 Rxa6 59. Rxb3 1/2-1/2

[Event "Porto San Giorgio"]
[Site "Porto San Giorgio"]
[Date "1994.??.??"]
[Round "?"]
[White "Tiviakov, Sergei"]
[Black "Hoffman, Alejandro S"]
[Result "1/2-1/2"]
[WhiteElo "2630"]
[BlackElo "2540"]
[PlyCount "90"]
[EventDate "1994.??.??"]
[Source "www.chesslib.no"]
[SourceDate "2004.05.04"]

1. e4 c5 2. Nf3 d6 3. d4 cxd4 4. Nxd4 Nf6 5. Nc3 g6 6. g3 Bg4 7. f3 Bd7 8. Be3 Bg7 9. Qd2 Nc6 10. O-O-O O-O 11. Kb1 Rc8 12. g4 Ne5 13. h4 b5 14. h5 Nxf3 15. Nxf3 Bxg4 16. e5 Bxf3 17. exf6 Bxf6 18. Bd3 Rxc3 19. bxc3 Qa5 20. hxg6 fxg6 21. Bd4 Bxd4 22. Qh6 Bxh1 23. Rxh1 Rf7 24. cxd4 Qb4+ 25. Kc1 Qxd4 26. Bxb5 Qa1+ 27. Kd2 Qxa2 28. Bd3 Qa5+ 29. Kc1 Qe5 30. Rh4 Qa1+ 31. Kd2 Rf2+ 32. Be2 Qa5+ 33. Kd1 Rf7 34. Rc4 Qd5+ 35. Kc1 Qf5 36. Bd3 Qe6 37. Ra4 d5 38. Rxa7 Qe1+ 39. Kb2 Rf8 40. Qh2 Qb4+ 41. Kc1 Qe1+ 42. Kb2 Qb4+ 43. Kc1 Qe1+ 44. Kb2 Qb4+ 45. Kc1 Qe1+ 1/2-1/2

[Event "Buenos Aires Najdorf"]
[Site "?"]
[Date "1996.??.??"]
[Round "?"]
[White "Tiviakov, Sergei"]
[Black "Zarnicki, Pablo A"]
[Result "1-0"]
[WhiteElo "2625"]
[BlackElo "2545"]
[PlyCount "20"]
[EventDate "1996.??.??"]
[Source "www.chesslib.no"]
[SourceDate "2004.05.04"]

1. e4 c5 2. Nf3 d6 3. d4 cxd4 4. Nxd4 Nf6 5. Nc3 Nc6 6. g3 g6 7. Nde2 Bg7 8. Bg2 O-O 9. O-O Rb8 10. Nd5 Nxd5 1-0

[Event "Esbjerg 85/196"]
[Site "?"]
[Date "2002.??.??"]
[Round "?"]
[White "Volokitin, And"]
[Black "Hansen, Cu"]
[Result "1/2-1/2"]
[WhiteElo "2545"]
[BlackElo "2625"]
[PlyCount "117"]
[EventDate "2002.??.??"]
[Source "Chess Informant"]
[SourceDate "2002.06.01"]

1. e4 c5 2. Nf3 Nc6 3. d4 cxd4 4. Nxd4 Nf6 5. Nc3 d6 6. Be2 g6 7. Nb3 Bg7 8. O-O O-O 9. Re1 b6 10. Bf1 Bb7 11. Bg5 h6 12. Bh4 Rc8 13. Qd2 Na5 14. Bxf6 Bxf6 15. Qxh6 Nc4 16. Bxc4 Rxc4 17. Rad1 Bg7 18. Qg5 Bxc3 19. bxc3 e5 20. Qd2 Rxe4 21. Rxe4 Bxe4 22. f3 Bf5 23. Qxd6 Qxd6 24. Rxd6 Rc8 25. Rd5 f6 26. Rd6 Kg7 27. g4 Bxc2 28. Rd7+ Kh6 29. Rxa7 Bxb3 30. axb3 Rxc3 31. Kg2 Kg5 32. Rf7 f5 33. h4+ Kf4 34. gxf5 gxf5 35. h5 Rc2+ 36. Kh3 Rc1 37. Kg2 Rc6 38. Kh3 Kg5 39. b4 Rc4 40. b5 Rb4 41. h6 Rh4+ 42. Kg3 Rxh6 43. Re7 f4+ 44. Kf2 Kf5 45. Rb7 Re6 46. Rf7+ Rf6 47. Rd7 Ke6 48. Rd8 Rg6 49. Kf1 Kf5 50. Kf2 Rh6 51. Kg2 Rg6+ 52. Kf2 Rh6 53. Kg2 Re6 54. Rd5 Kg5 55. Kf2 Kf6 56. Ke2 e4 57. fxe4 Rxe4+ 58. Kf3 Re5 59. Rd6+ 1/2-1/2